[Event "YUG-ch 55th"]
[Site "Subotica"]
[Date "2000.03.22"]
[Round "6"]
[White "Sedlak, Nikola"]
[Black "Antic, Dejan"]
[Result "0-1"]
[WhiteElo "2323"]
[BlackElo "2491"]
[Annotator "Finkel,A"]
[PlyCount "80"]
[EventDate "2000.03.16"]
[EventType "tourn"]
[EventRounds "15"]
[EventCountry "YUG"]
[EventCategory "10"]
[SourceTitle "CBM 076"]
[Source "ChessBase"]
[SourceDate "2000.05.31"]
[SourceVersion "1"]
[SourceVersionDate "2000.05.31"]
[SourceQuality "1"]

1. e4 e6 2. d4 d5 3. Nc3 Nf6 4. e5 Nfd7 5. f4 c5 6. Nf3 Nc6 7. Be3 cxd4 8. Nxd4
Bc5 9. Qd2 O-O (9... Bxd4 10. Bxd4 Nxd4 11. Qxd4 Qb6 $13) 10. O-O-O Nxd4 11.
Bxd4 a6 {One of the most critical variations in French defense.The popularity
of this variation is very easy to explain:it leads to complicated struggle
with mutual chanses where white is as vulnarable as black.} 12. h4 b5 13. Rh3 {
>< c3} (13. h5 b4 14. Ne2 a5 15. Bxc5 Nxc5 16. Qe3 Qb6 {Smirin,A-Lputian,S/
Rostov/1993/}) 13... b4 (13... Qb6 14. h5 Ra7 15. Rg3 Bxd4 16. Qxd4 Qxd4 17.
Rxd4 Nb8 18. Rd2 Nc6 19. Ne2 b4 20. Nd4 Bd7 $10 {Tischbierek,R-Zysk,R/BL9293/})
(13... Bb7 $5 14. h5 b4 15. Na4 Bxd4 16. Qxd4 Qa5 17. b3 Bc6 18. Nb2 Rfc8 $1
$10 {Tischbierek,R-Knaak,R/BL9293/}) 14. Na4 Bxd4 15. Qxd4 a5 (15... f6 $6 $146
16. Qxb4 $1 fxe5 17. Qd6 $1 Qf6 18. f5 $3 $16 {Kasparov,G-Short,N/Amsterdam
VSB 1994}) (15... Qa5 16. b3 Bb7 17. c3 $1 Rfc8 18. Kb2 bxc3+ 19. Rxc3 Rxc3 20.
Qxc3 {Nijboer,F-Luther,T/Leuwaarden/1992/} Qd8 21. Rc1 Rc8 22. Qb4 Qxh4 23.
Qxb7 Qf2+ 24. Ka3 Rxc1 25. Qxd7 g6 26. Bxa6 Ra1 $14 {Nijboer}) 16. Bb5 (16. b3
Ba6 17. Kb1 Bxf1 18. Rxf1 Qc7 19. h5 Ra6 20. Re3 Rc6 21. Rf2 f6 $15 {Kulish,
I-Matveeva,S/Rostov on Don-W 1995}) 16... Rb8 17. Bd3 Qc7 18. Re1 (18. h5 Bb7
19. g4 Rfc8 20. Rh2 Qc6 21. b3 Ba6 22. Bxa6 Qxa6 $13 {Fogarasi,T-Luther,T/
Kecskemet 1993}) 18... Qc6 19. b3 Ba6 20. Bxa6 Qxa6 21. h5 {Only this move is
the novelty,which,however,doesn't change the assesment of the position:black
doesn't have particular problems and easily manages to equalize.} (21. Rg3 $5
Rbc8 22. f5 Qc6 23. Re2 Kh8 24. h5 Rg8 25. Rf3 $14 {Arakhamia,K-Matveeva,S/
Kishinev izt-W 1995}) 21... Rfc8 22. f5 Qc6 23. Re2 Nc5 $5 24. f6 $6 ({It was
necessasary to take on c5 with equal chanses:} 24. Nxc5 Qxc5 25. Qxc5 (25. Qg4
$2 Qg1+ 26. Kb2 a4 $1 27. bxa4 Rc4 $17) 25... Rxc5 26. f6 gxf6 (26... Rbc8 27.
Rg3 g6 28. hxg6 fxg6 (28... hxg6 $2 29. Rh3 $1 $36 {[%csl Rg8][%cal Gg2g3,
Ge2h2]}) 29. Rh3 R8c7 $132) 27. exf6 Kh8 $13) 24... Ne4 $1 {[%csl Ra4,Ge4] The
difference in the strength of knoghts is amazing!} 25. fxg7 h6 $1 26. Rf3 (26.
Rh4 $5 Kxg7 (26... Ng3 27. Rf2 Nf5 28. Qf4 $1 $36) 27. Rg4+ Kh7 $15 {[%cal
Gc8g8]}) 26... Rb7 27. Qe3 Kxg7 28. Rf4 (28. Qf4 Qc7) 28... Rbc7 29. Rg4+ Kh7
30. Qd3 Rg8 $1 $15 {Black plays this game with a lot of energy and move by
move increases the advantage.} 31. Rxg8 (31. Rf4 Rg5 32. Qf3 Qb7 $15 {[%csl
Re5]}) 31... Kxg8 32. Re3 Rc8 $1 33. Re2 Qc7 $1 {[%cal Gc7e7,Ge7g5]
Transferring the queen to g5.} 34. Qd4 Qe7 $17 35. Qe3 Kg7 (35... Qg5 36. Qxg5+
hxg5 37. g4 Rf8 38. Kb2 f5 39. exf6 Rxf6 $15) 36. Qf4 Rc6 37. Kb2 (37. g4 Qh4
$1) 37... f5 $1 38. Qe3 ({The endgame after} 38. exf6+ Qxf6+ 39. Qxf6+ Kxf6 40.
a3 Kg5 $19 {[%csl Ra4,Rh5] is helpless.}) ({The same is} 38. g4 Qg5 $1 39.
Qxg5+ hxg5 40. gxf5 exf5 $19 {[%cal Gf5f3] and black is winning.}) 38... Kh7 {
[%csl Gg7][%cal Ge7g7]} 39. Re1 Qg7 $19 40. Qd4 Qxg2 0-1

[Event "Enghien les Bains"]
[Site "Enghien les Bains"]
[Date "2003.06.20"]
[Round "7"]
[White "Bauer, Christian"]
[Black "Bareev, Evgeny"]
[Result "1/2-1/2"]
[WhiteElo "2582"]
[BlackElo "2734"]
[Annotator "Finkel,A"]
[PlyCount "88"]
[EventDate "2003.06.13"]
[EventType "tourn"]
[EventRounds "9"]
[EventCountry "FRA"]
[EventCategory "17"]
[SourceTitle "CBM 096"]
[Source "ChessBase"]
[SourceDate "2003.09.25"]
[SourceVersion "1"]
[SourceVersionDate "2003.09.25"]
[SourceQuality "1"]

1. e4 e6 2. d4 d5 3. Nc3 Nf6 4. e5 Nfd7 5. f4 c5 6. Nce2 Nc6 7. c3 Qb6 8. Nf3
f6 9. a3 Be7 (9... a5 $5 10. g3 Be7 (10... cxd4 11. cxd4 Be7 12. Bh3 fxe5 13.
fxe5 O-O $1 14. Bxe6+ Kh8 15. Bxd5 Ndxe5 $1 $44 {Kalinin,M-Boog,F/Hamburg-ch
1994/1/2-1/2 (48)}) 11. Bh3 Nf8 $6 12. O-O a4 13. exf6 gxf6 14. f5 cxd4 15.
cxd4 $16 {Vasiukov,E-Kaminik,A/WchS 1993 (32)}) 10. h4 {Preventing black's
counterplay connected with g5} (10. b4 $5 cxd4 (10... cxb4 $6 11. axb4 O-O 12.
Ng3 fxe5 13. fxe5 Ncxe5 $6 14. dxe5 Nxe5 15. Nd4 $16 {Maslesa,B-Bulic,J/
Portoroz op 1994 (37)}) 11. cxd4 O-O (11... a5 $6 12. b5 $1 Qxb5 13. Nc3 Qb6
14. Rb1 Qd8 15. Bd3 f5 16. h3 h5 17. Rg1 $1 $40 {Lanka,Z-Glek,I/Zillertal op
1993 (35)}) 12. Ng3 (12. Qd3 $6 Qc7 13. Qc2 b5 14. exf6 Nxf6 15. Ng3 Qb6 16.
Qd3 a5 $15 {Sax,G-Luther,T/BL9293 1993 (29)}) 12... g5 $5 13. b5 $6 Nxd4 $1 14.
Nxd4 gxf4 15. Nh5 fxe5 16. Nb3 Nf6 17. Nxf6+ Bxf6 $17 {Zontakh,A-Radosevic,N/
Belgrade Beopromet 1993 (50)}) (10. f5 $5 cxd4 11. fxe6 Ndxe5 12. Nfxd4 Bc5 13.
Nf4 Nxd4 14. cxd4 Bxd4 15. Qa4+ Nc6 16. Bd3 $36 {Morozevich,A-Gleizerov,E/
Alushta 1993 (40)}) (10. Ng3 O-O 11. Bd3 fxe5 12. fxe5 cxd4 13. cxd4 Rxf3 $5
14. gxf3 Qxd4 15. f4 Bc5 $44 {Flechsig,E-Schottlaender,A/DSB-01.Kongress 1879/
1/2-1/2 (49)}) (10. g3 $6 cxd4 11. cxd4 O-O 12. Bg2 a5 $5 13. Nc3 fxe5 14. fxe5
Rxf3 15. Bxf3 Nxd4 $17 {0-1 Schmidt,M-Florath,P/NRW-II 1994 (40)}) 10... O-O
11. b4 (11. Rh3 a5 (11... fxe5 12. fxe5 Na5 13. b4 (13. dxc5 $2 Bxc5 14. b4
Bf2+) 13... cxb4 14. axb4 Nc4 15. Nf4 $36 {[%cal Gf1d3,Gf3g5]}) (11... Na5 $5)
12. b3 $1 Qd8 13. Ng3 h6 (13... f5 $2 14. Ng5 Nb6 15. Qh5 h6 16. Qg6 $1 hxg5
17. hxg5 Qc7 18. Qh5 $1 $18 {[%csl Rg8][%cal Gg5g6]}) 14. Be3 f5 15. Bd3 cxd4
16. cxd4 Nb6 17. Nh5 $5 $40 {Sakaev,K-Bareev,E/Elista 1998}) 11... cxd4 12.
cxd4 a5 13. b5 $5 {It's interesting that Bauer not only played this position
on the black side, but he bsucceded to crush Bologan in very convincing manner.
Nevertheless he is ready to try it with white as well.} Qxb5 (13... Nd8 14. Nc3
a4 15. Bd3 f5 16. Qc2 h5 17. Nxa4 Qa7 18. Nc3 Nb6 19. a4 $16 {Bologan,
V-Vaisser,A/France 2002}) 14. Nc3 Qb6 15. Rb1 Qd8 16. Bd3 h6 (16... Qe8 17. Nb5
Bd8 18. Nd6 Qe7 19. Qc2 f5 20. g4 $36 {Moreno Tejera,E-Rodriguez Fontecha,M/
Saragoca 2001}) (16... fxe5 17. dxe5 Nc5 18. Nb5 Nxd3+ 19. Qxd3 h6 20. Qg6 Bd7
21. Ng5 $13 {Bologan,V-Bauer,C/Belfort 2002}) (16... f5 17. Qc2 a4 18. Nb5 Ndb8
19. g4 Na6 20. Qg2 Nc7 21. gxf5 exf5 22. Nxc7 Qxc7 23. Qa2 $36 {Matsuura,E-De
Souza Haro,P/Brasilia 2003}) 17. Nb5 Ra6 $6 18. Bc2 f5 19. g4 {[%cal Gf3g5]}
Nb6 {I know that taking on g4 opening diagonal b1-h7 sounds crazy, but
nevertheless it deserved very serious attention.} (19... fxg4 20. Ng5 (20. Ng1
$2 Rb6 21. Qxg4 (21. Qd3 Rf5 22. Ne2 Bxh4+ 23. Kf1 Nf8 $13) 21... Rxb5 22. Rxb5
Nxd4 $17) 20... hxg5 21. hxg5 Rf5 22. Qxg4 g6 23. Qh4 Nf8 $13) 20. gxf5 exf5
21. Bd3 $5 {White's initiative and advnatge in space fully compensate him for
the lack of pawn.} Na8 22. Kf2 Rb6 23. Qg1 $1 $36 {[%csl Gg6] The queen is
heading for g6} Nc7 24. Nxc7 Qxc7 25. Rxb6 Qxb6 26. Qg6 Rf7 27. Rg1 Bxh4+ $1 {
Great defensive sacrifice permitting Bareev to force a draw.} (27... Qb3 28.
Be2 Bxa3 29. Be3 $1 Bb2 30. Qxh6 Qb4 31. Qh5 Bxd4 32. Bxd4 Nxd4 33. Ng5 $18)
28. Nxh4 Qxd4+ 29. Ke2 Nxe5 30. fxe5 Qxe5+ 31. Kd1 (31. Kd2 Qh2+ (31... Qf4+
32. Kc3 Qxh4 33. Bxh6 Rc7+ 34. Kb2 Qd4+ 35. Ka2 Qxd3 36. Bxg7 $18) 32. Kc3 Rc7+
33. Kb3 a4+ 34. Kxa4 Qxh4+ 35. Kb3 Qd4 36. Qe8+ Kh7 37. Qg6+ $11) 31... Qd4 32.
Rg3 Qa4+ 33. Bc2 Qxh4 34. Bxh6 Qd4+ 35. Bd2 Bd7 36. Rd3 (36. Rh3 Rf6 37. Qh7+
Kf7 38. Qh5+ Kg8 $13) 36... Qa1+ 37. Bc1 Rf6 38. Qg2 Bc6 39. Rg3 Re6 40. Rd3
Re4 41. Qg5 Qe5 42. Be3 Qa1+ 43. Bc1 Qe5 44. Be3 Qa1+ 1/2-1/2

[Event "Najdorf Memorial 11th"]
[Site "Buenos Aires"]
[Date "2000.09.20"]
[Round "3"]
[White "Polgar, Judit"]
[Black "Short, Nigel D"]
[Result "1-0"]
[WhiteElo "2656"]
[BlackElo "2677"]
[Annotator "Finkel,A"]
[PlyCount "85"]
[EventDate "2000.09.18"]
[EventType "tourn"]
[EventRounds "9"]
[EventCountry "ARG"]
[EventCategory "14"]
[SourceTitle "CBM 080"]
[Source "ChessBase"]
[SourceDate "2001.01.25"]
[SourceVersion "1"]
[SourceVersionDate "2001.01.25"]
[SourceQuality "1"]

1. e4 e6 2. d4 d5 3. Nc3 Nf6 4. e5 Nfd7 5. f4 c5 6. Nf3 Nc6 7. Be3 cxd4 8. Nxd4
Bc5 9. Qd2 a6 10. O-O-O Nxd4 11. Bxd4 O-O 12. Bxc5 {Quiet rare continuation
promising white very little.} (12. h4 b5 13. h5 (13. Rh3 {>< c3} b4 (13... Qb6
14. h5 Ra7 15. Rg3 Bxd4 16. Qxd4 Qxd4 17. Rxd4 Nb8 18. Rd2 Nc6 19. Ne2 b4 20.
Nd4 Bd7 $10 {Tischbierek,R-Zysk,R/BL9293/}) (13... Bb7 $5 14. h5 b4 15. Na4
Bxd4 16. Qxd4 Qa5 17. b3 Bc6 18. Nb2 Rfc8 $1 $10 {Tischbierek,R-Knaak,R/BL9293/
}) 14. Na4 Bxd4 15. Qxd4 a5 (15... f6 $6 $146 16. Qxb4 $1 fxe5 17. Qd6 $1 Qf6
18. f5 $3 $16 {Kasparov,G-Short,N/Amsterdam VSB 1994}) 16. Bb5 (16. b3 Ba6 17.
Kb1 Bxf1 18. Rxf1 Qc7 19. h5 Ra6 20. Re3 Rc6 21. Rf2 f6 $15 {Kulish,I-Matveeva,
S/Rostov on Don-W 1995}) 16... Rb8 17. Bd3 Qc7 18. Re1 (18. h5 Bb7 19. g4 Rfc8
20. Rh2 Qc6 21. b3 Ba6 22. Bxa6 Qxa6 $13 {Fogarasi,T-Luther,T/Kecskemet 1993})
18... Qc6 19. b3 Ba6 20. Bxa6 Qxa6 21. h5 (21. Rg3 $5 Rbc8 22. f5 Qc6 23. Re2
Kh8 24. h5 Rg8 25. Rf3 $14 {Arakhamia,K-Matveeva,S/Kishinev izt-W 1995}) 21...
Rfc8 22. f5 Qc6 23. Re2 Nc5 $5 $13 {Sedlak,N-Antic,D/JUG-ch 55th 2000}) 13...
b4 (13... h6 14. g4 f6 15. Bxc5 Nxc5 16. Qd4 Nd7 17. exf6 Qxf6 18. Bg2 $14 {
Moreno,J-Barreiro Pineiro,J/VI Aceimar Open 1999}) 14. Ne2 a5 15. Kb1 (15. Bxc5
Nxc5 16. Qe3 Qb6 {Smirin,A-Lputian,S/Rostov/1993/}) 15... Ba6 16. Qe3 Rc8 17.
Bxc5 Nxc5 18. Ng3 Bxf1 19. Rhxf1 Qc7 20. Rc1 Na4 $13 {Rivera,D-Moreno,J/
Barcelona UGA 1994}) (12. Kb1 b5 13. h4 b4 14. Na4 Bxd4 15. Qxd4 Qa5 16. b3 Bb7
17. Rh3 Bc6 18. c3 Rab8 $13 {Link,M-Barsov,A/Goch op 1994}) (12. Na4 Bxd4 13.
Qxd4 Qc7 14. Rd3 b5 15. Rc3 Qb7 16. Nc5 Nxc5 17. Qxc5 Bd7 $11 {Berg,G-Wilson,E/
US Amateur Team East 2000}) 12... Nxc5 13. Qd4 b6 ({Another reasonable option
is} 13... Qc7 14. h4 Bd7 15. Bd3 Rac8 16. Kb1 b5 17. h5 Qb7 18. Ne2 b4 19. h6
g6 20. g4 Bb5 21. f5 $13 {1/2-1/2 Vallejo Pons,F-Lopez Martinez,J/WJun 1999})
14. Kb1 Bb7 15. Bd3 Rc8 16. Rhe1 $5 (16. h4 $5 Nxd3 17. Qxd3 (17. cxd3 Qc7 18.
Qe3 d4 19. Qxd4 Bxg2 20. Rhg1 Bb7 $13) 17... Qc7 18. Ne2 Qc4 19. Nd4 $14) 16...
Qc7 17. g4 f6 (17... Nxd3 $6 18. Qxd3 b5 19. Ne2 $14) 18. f5 $5 Nxd3 19. cxd3
exf5 20. gxf5 fxe5 21. Rxe5 Qc5 22. Qg4 b5 23. d4 Qd6 $6 ({Better was} 23...
Qc6 $1 24. Rxd5 b4 25. Rc5 Qg2 26. Qxg2 Bxg2 27. Na4 Be4+ 28. Kc1 Bxf5 $11 {
with equal position}) 24. h4 Rc7 25. Re6 Qd8 26. Rf1 Rcf7 27. Re5 b4 28. Nd1 {
[%cal Gd1e3]} (28. Na4 $6 Bc8 29. Nc5 g6 $15 {[%csl Rf5]}) 28... a5 29. Ne3 Kh8
30. h5 a4 31. Qg2 b3 32. a3 Qh4 33. Rd1 h6 34. Qe2 Rc7 35. Qb5 Re7 {After this
move game becomes extremly sharp and black doesn't stand a pressure.} (35...
Rcf7 36. Qxa4 Qxh5 37. Qxb3 $16) (35... Bc6 36. Qc5 Rcc8) 36. f6 $1 Rxe5 (36...
Ref7 37. fxg7+ Kxg7 38. Qxa4 $16) 37. fxg7+ Kxg7 38. dxe5 Qe4+ 39. Ka1 Rf7 $2 {
Losing in a few moves, while after correct} (39... d4 $1 40. Qd7+ (40. Nc4 Qc6
41. Qb4 Qf3 $132) (40. Rg1+ Kh8 41. Ng4 Qf4 $132) 40... Kh8 41. Qd6 (41. Qe7
Qf3 42. Rg1 Rg8 43. Rxg8+ Kxg8 44. Qd8+ Kf7 45. Qd7+ Kf8 46. Qxd4 $11) 41...
Qf4 42. Rxd4 Rc8 43. Rd1 Qxe3 44. Qf6+ Kg8 45. Rd8+ Rxd8 46. Qxd8+ Kf7 47. Qd7+
Kf8 $11 {the position remains equal.}) 40. Rg1+ Kh7 (40... Kf8 41. Qb6 $1 Qxe5
42. Qd8+ Qe8 43. Rg8+ Kxg8 44. Qxe8+ Kg7 45. Nf5+ $18) 41. Ng4 $1 $18 Bc6 $5 (
41... Qd4 42. Nf6+ Rxf6 43. Qxb7+ $18) 42. Qxc6 Qxg4 43. Qg6+ $1 1-0

[Event "RUS-chT 12th"]
[Site "Sochi"]
[Date "2005.04.28"]
[Round "10"]
[White "Grigoriants, Sergey"]
[Black "Provotorov, Ivan"]
[Result "1-0"]
[WhiteElo "2553"]
[BlackElo "2339"]
[Annotator "Finkel,A"]
[PlyCount "95"]
[EventDate "2005.04.19"]
[EventType "team-tourn"]
[EventRounds "11"]
[EventCountry "RUS"]
[SourceTitle "EXT 2020"]
[Source "ChessBase"]
[SourceDate "2019.10.17"]
[SourceVersion "1"]
[SourceVersionDate "2019.10.17"]
[SourceQuality "1"]
[WhiteTeam "Moscow Youth of"]
[BlackTeam "Voronezh Red October"]
[WhiteTeamCountry "RUS"]
[BlackTeamCountry "RUS"]

1. e4 e6 2. d4 d5 3. Nc3 Nf6 4. e5 Nfd7 5. f4 c5 6. Nf3 Nc6 7. Be3 Qb6 {
I've never really liked 7...Qb6 for Black, but the latest games put a huge
question mark about the countability of this variation.} 8. Na4 Qa5+ 9. c3 cxd4
$6 (9... c4 {makes more sense in my opinion, but I would's say black's life is
easy in that line.}) 10. b4 Nxb4 11. cxb4 Bxb4+ 12. Bd2 Bxd2+ 13. Nxd2 b6 14.
Rb1 Ba6 15. Bxa6 {This natural move is White's best reaction.} (15. Qb3 Rc8 16.
a3 Bxf1 17. Rxf1 Rc4 18. Nb2 Rc3 19. Qb4 Qxa3 20. Qxa3 Rxa3 21. Rf3 Ra2 22. Nd3
$14 {Bronstein,D-Portisch,L/Amsterdam 1964}) 15... Qxa6 16. Nf3 $1 {Another
logical continuation which appears to be very upleseant for Black.} (16. Qb3
Rc8 17. Qb4 Qd3 18. Rb3 Qa6 19. Kd1 Nc5 20. Nxc5 bxc5 21. Qb7 Qxb7 22. Rxb7 O-O
$132 {Malaniuk,V-Lputian,S/Lvov 1986}) (16. Rb4 Nc5 17. Nxc5 bxc5 18. Ra4 Qc6
19. Nf3 d3 20. O-O c4 21. Kh1 g6 $13 {Santo Roman,M-Juglard,E/Toulouse 1999})
16... Qa5+ (16... Rc8 17. Nxd4 O-O 18. Kf2 Rc4 19. Nb2 Qxa2 20. Re1 Rb4 21. Qd2
Nc5 22. Kg1 a5 23. Nc6 Rb3 24. Qc2 $14 {Mainka,R-Winterstein,W/Zuerich 1988})
17. Kf2 d3 (17... Nc5 $6 {doesn't work:} 18. Nxc5 bxc5 19. Qc2 O-O 20. Rhc1
Rac8 21. Nxd4 $18 {with decisive advantage for White.}) 18. Qb3 Rc8 19. Rhc1
O-O 20. Ke3 $1 {White improves the position of the pieces before transposing
into an endgame.} a6 (20... Rxc1 $6 21. Rxc1 f6 22. Rc7 Rd8 23. exf6 Nxf6 24.
Nb2 $16 {[%cal Gb2d3,Gd3e5]}) 21. Rxc8 Rxc8 22. Qb4 Qxb4 23. Rxb4 Rc4 24. Rxc4
$5 ({At least as tempting looks} 24. a3 $5 b5 25. Nb2 Rc2 26. Nxd3 Nb6 27. Nfe1
Nc4+ 28. Kd4 Ra2 29. a4 $16 {with very good chances to win.}) 24... dxc4 25.
Kd4 b5 26. Nc3 Nb6 27. a3 $1 {Very cunning move, which wasn't understood by
black.} (27. a4 b4 28. Ne4 (28. a5 $4 bxc3 29. axb6 d2 $19) 28... c3 29. Kxd3
Nxa4 30. Nd4 Nb2+ 31. Kc2 Nc4 32. Nd6 Ne3+ 33. Kb3) 27... Kf8 28. g3 Ke7 $2 {
[%csl Re7] Underestimating White's idea. The king proves to be badly placed on
e7 since black can't play a5 due to a fork on c6.} (28... Ke8 $5) 29. a4 $1 $18
b4 30. Ne4 a5 ({You can see why the king is misplaced on e7 in the line} 30...
c3 31. Kxd3 Nxa4 32. Nd4 $18 {[%cal Gd4c6]}) 31. Nc5 b3 (31... f6 32. Nb7 fxe5+
33. fxe5 g5 34. g4 $16) 32. Nd2 f6 33. Nb7 {This position is easily won for
White.} g5 (33... Nxa4 34. Kxc4 Nb6+ 35. Kxb3 $18) 34. Nxa5 gxf4 35. gxf4 Nxa4
36. Naxc4 b2 37. Kxd3 Kf7 38. Kc2 Kg6 39. Nxb2 Nb6 (39... Nxb2 40. Kxb2 fxe5
41. fxe5 Kf5 42. Nc4 Kg4 43. Kc3 Kh3 44. Nd6 Kxh2 45. Ne4 h5 46. Ng5 Kg3 47.
Nxe6 Kg4 48. Nf4 $18) 40. Nd3 fxe5 41. fxe5 Kf5 42. Kc3 Kg4 43. Nf2+ Kf4 44.
Kd4 Nd7 45. Nd3+ Kg4 46. Ke4 h5 47. Nf3 h4 48. Nf2+ {Great performance by the
Russian grandmaster!} 1-0

[Event "Karadjordje Serbia"]
[Site "Topola"]
[Date "2004.05.10"]
[Round "7"]
[White "Pikula, Dejan"]
[Black "Jeremic, Veljko"]
[Result "1-0"]
[WhiteElo "2523"]
[BlackElo "2490"]
[Annotator "Finkel,A"]
[PlyCount "83"]
[EventDate "2004.05.04"]
[EventType "tourn"]
[EventRounds "11"]
[EventCountry "YUG"]
[EventCategory "13"]
[SourceTitle "CBM 101"]
[Source "ChessBase"]
[SourceDate "2004.07.27"]
[SourceVersion "1"]
[SourceVersionDate "2004.07.27"]
[SourceQuality "1"]

{[%mdl 8192]} 1. e4 e6 2. d4 d5 3. Nc3 Nf6 4. e5 Nfd7 5. f4 c5 6. Nf3 Nc6 7.
Be3 a6 8. Qd2 b5 9. a3 (9. dxc5) 9... Qb6 10. Ne2 $5 g6 $6 {After this move
black is doomed to passive defense till the end of the game. On the other hand,
none of the moves which were tried by black in this line solves black's
opening problems.} (10... Bb7 11. g3 (11. dxc5 Bxc5 12. Ned4 Nxd4 13. Nxd4 Qc7
14. b4 Be7 15. Bd3 $14 {Voitsekhovsky,S-Erashchenkov,D/Voronezh 2003}) 11...
Rc8 12. Bg2 cxd4 13. Nexd4 Nc5 14. Nxc6 Qxc6 15. Nd4 Qc7 16. O-O Ne4 17. Qe2
$14 {Hawkeye-Petrovich/Greece 2002}) (10... c4 11. Ng3 (11. g4 h5 12. gxh5 Rxh5
13. Ng3 Rh8 14. f5 $5 exf5 15. Nxf5 Nf6 16. Ng3 Ng4 17. Bf4 $14 {Kasparov,
G-Radjabov,T/Linares 2003}) 11... b4 12. axb4 Bxb4 13. c3 Bf8 14. Be2 Na5 15.
Rb1 Nb3 16. Qc2 $14 {Luther,T-Mullon,J/France 2003}) (10... a5 11. g4 (11. c3
Ba6 12. dxc5 Bxc5 13. Ned4 b4 14. Bxa6 Rxa6 15. Qd3 bxa3 16. bxa3 Nxd4 17. Bxd4
Bxd4 18. cxd4 O-O $11 {Boguslavsky,O-Zaragatski,I/Willingen 2003}) 11... Be7
12. Bh3 Ba6 13. O-O b4 14. axb4 axb4 15. f5 cxd4 16. Nfxd4 Nxd4 17. Nxd4 Bc5
$132 {Bobras,P-Barredo,L/Dos Hermanas 2003}) 11. dxc5 Bxc5 12. Ned4 $16 Qc7 (
12... Bb7 13. b4 {[%cal Ge3b6]} Bxd4 14. Nxd4 Nxd4 15. Bxd4 $16) 13. Bd3 Be7
14. Nxc6 Qxc6 15. h4 (15. O-O Nc5 16. b4 Na4 17. Bd4 Bb7 18. c3 Nb6 19. Qf2 Nc4
$14) 15... h5 16. b4 Nb6 17. Bd4 Nc4 18. Qc1 Bd7 (18... a5 19. c3 Bb7 20. O-O)
19. O-O Kd8 $5 {Despite of numerous weaknesses in black's camp it's not so
easy for white to break through.} 20. Ng5 Rf8 21. c3 Kc7 22. Rf2 a5 23. Rfa2
Qa6 (23... a4 $5) 24. Bxc4 $5 bxc4 25. Qe3 {[%cal Gd4c5]} Qc6 (25... axb4 $6
26. axb4 Qxa2 27. Rxa2 Rxa2 28. Bc5 Bxg5 29. Bxf8 Bxh4 30. Qc5+ Kb7 31. Kh2 Rc2
32. Be7 $16) 26. bxa5 Rxa5 27. Rb1 Rb5 28. Rab2 Rfb8 29. Rb4 $5 Be8 (29... Bxb4
30. axb4 (30. cxb4 Be8 31. Nf3 Qa6 $13) 30... Be8 31. Nh7 Ra8 32. Nf6 Kb7 $13)
30. Nh7 Qa6 31. Nf6 Bc6 32. f5 $1 $36 {[%mdl 2048]} Qxa3 (32... Bxb4 33. axb4
gxf5 34. Qh6 Qa2 35. Rf1 Qe2 36. Qg7 $18) 33. Rxb5 Rxb5 (33... Bxb5 34. fxe6
fxe6 35. Qh6 Qa2 36. Qxg6 Be8 37. Nxe8+ Rxe8 38. Kh2 $18) 34. Rxb5 Bxb5 35.
fxg6 fxg6 36. Kh2 $1 $16 {[%csl Rg6][%cal Ge3h6,Gh6g7,Gg7f7]} Ba4 (36... Bf8
37. Qg5 Qe7 38. Qxg6 $18) 37. Qh6 Bc2 $6 (37... Bxf6 $1 38. exf6 Qd6+ 39. Kg1
Be8 40. Qg7+ Qd7 41. Qf8 $40) 38. Qg7 Bf5 39. Qf7 $18 Kc6 40. Qe8+ Kc7 41. Qd7+
Kb8 42. Bb6 1-0